| 000 | 00000nam##2200000za#4500 |
| 001 | 9.577675 |
| 003 | CaOODSP |
| 005 | 20210624185726 |
| 007 | cr ||||||||||| |
| 008 | 150406|1981||||xxc|||||o f|0| 0 eng|d |
| 022 | |a1488-5379 |
| 040 | |aCaOODSP|beng |
| 043 | |an-cn--- |
| 086 | 1 |aFs97-6/1043E-PDF |
| 110 | 1 |aCanada. |bDepartment of Fisheries and Oceans. |
| 245 | 14|aThe geographical distribution of infectious pancreatic necrosis virus (IPNV) infecting salmonids in Central Newfoundland, Canada / |h[electronic resource]|cby D.K. Cone. |
| 260 | |aSt. John's - Newfoundland and Labrador : |bFisheries and Oceans Canada |c1981. |
| 300 | |a14p.|breferences |
| 490 | 1 |aCanadian technical report of fisheries and aquatic sciences|x1488-5379|vNo. 1043 |
| 500 | |aOn t.p.: Research and Resource Services, St. John's, Newfoundland. The catalogue number and ISSN for the print edition appear in the PDF version. |
| 546 | |a(Résumé en français) |
| 590 | |a13-25-Supp|b2013-10-28 |
| 720 | 1 |aCone, D. K. |
| 830 | #0|aCanadian technical report of fisheries and aquatic sciences,|x1488-5379|vNo. 1043|w(CaOODSP)9.504449 |
| 856 | 40|ahttp://publications.gc.ca|qPDF|s553 KB|uhttps://publications.gc.ca/collections/collection_2013/mpo-dfo/Fs97-6-1043-eng.pdf|yNo. 1043 |